000 00429nam a2200109Ia 4500
008 160909s9999 xx 000 0 und d
100 _aTaylor, Rachel H.
245 4 _aThe relationship between help-seeking behavior and level of impairment in work, social life, and family life
260 _bCalifornia State University, Long Beach.
_c2016
650 _aNursing
856 _uhttp://pqdtopen.proquest.com/doc/1778496771.html?FMT=ABS
999 _c303976
_d303976